Statistiche per Paesi non riconosciuti

Clicka qui per fare il quiz!

Statistiche generali

  • Questo quiz è stato fatto 119 volte
  • Il punteggio medio è 5 su 12

Statistiche sulle risposte

RegionePaese% Corretto
BalcaniKosovo
92%
Medio OrientePalestina
62%
Estremo OrienteTaiwan
55%
CaucasoOssezia
49%
Nord-AfricaSahara occidentale
49%
Est-AfricaSomaliland
45%
CaucasoAbcasia
43%
Est-EuropaTrasnistria
29%
Medio OrienteCipro del nord
21%
Est-EuropaLugansk
20%
CaucasoArtsakh
16%
Est-EuropaDoneck
14%

Distribuzione punteggi

Percentile per numero di risposta

Percentuale di utenti per punteggio

I tuoi punteggi nel tempo

Non hai fatto questo quiz